| 000 | 00514cam a22001457a 4500 | ||
|---|---|---|---|
| 008 | 180718b1965 xxu||||| |||| 00| 0 eng d | ||
| 082 | _aT204 D775 | ||
| 100 | _aDoyle, Leonard A. | ||
| 245 |
_aInter-economy camparisons: a case study: a comparative study of industrial development, currency devaluation and inflation _cby Leonard A. Doyle |
||
| 260 |
_aBerkeley _bUniversity of California Press _c1965 |
||
| 300 | _a232p. | ||
| 500 | _a$6.00 | ||
| 650 | _aGresik Cement Plang --Indonesia | ||
| 650 | _aIndustry Cost | ||
| 999 |
_c364424 _d364424 |
||